000 00725nam a2200145 a 4500
008 120416s1992 ||||||||||||||||| || u
020 _a0852988036
050 _aTJ 755 Com
245 1 0 _aProceedings of the Institution of mechanical engineers
246 _acombustion in engines technology, applications and the environment
260 _aLondon
_bInstitute of Mechanical Engineering
_c1992
350 _a0.00
995 _aMAIN LIBRARY OPEN ACCESS
_D0.00
_e727850
_FCBU-MAIN LIBRARY (Kitwe)
_H2
_I0.00
_jTJ 755 Com
_M2
_UAVAILABLE
_y023943
_ZMain Library Open Access Collection
995 _aMAIN LIBRARY OPEN ACCESS
_D0.00
_e729849
_FCBU-MAIN LIBRARY (Kitwe)
_H1
_I0.00
_jTJ 755 Com
_M1
_UAVAILABLE
_y023937
_ZMain Library Open Access Collection
999 _c77208
_d77208